Comentários à lei de mobilidade urbana : (Record no. 71)

MARC details
000 -LÍDER
Campo Fixo de Controle 00978cam a2200265 a 4500
001 - NÚMERO DE CONTROLE
Campo de Controle 71
003 - IDENTIFICAÇÃO DO NÚMERO DE CONTROLE
Campo de Controle BR-CuiBMT
005 - DATA E HORA DA ÚLTIMA ATUALIZAÇÃO
Campo de Controle 20231113224715.0
008 - DADOS FIXOS
Dados Fixos 230809s2019 mgba 000 0 por d
020 ## - INTERNATIONAL STANDARD BOOK NUMBER
Nº do ISBN 9788545006589
040 ## - AGÊNCIA CATALOGADORA
Código da Agência Catalogadora BR-CuiBMT
Agência que transcreveu o registro BR-CuiBMT
080 ## - Nº DA CLASSIFICAÇÃO DECIMAL UNIVERSAL
Nº Class. CDU 656.025.2
Nº edição CDU 2007
090 ## - NÚMERO DE CHAMADA
Nº classificação 656.025.2
Cutter G963c
Ano/Edição 2. ed.
100 1# - ENTRADA PRINCIPAL -- AUTOR PESSOAL
Nome pessoal Guimarães, Geraldo Spagno
245 10 - TÍTULO PRINCIPAL
Título principal Comentários à lei de mobilidade urbana :
Subtítulo Lei nº 12.587/12 e atualizações : essencialidade, sustentabilidade, princípios e condicionantes do direito à mobilidade /
Indicação de responsabilidade Geraldo Spagno Guimarães ; prefácio Dinorá Adelaide Musetti Grotti.
250 ## - EDIÇÃO
Edição 2. ed.
260 ## - PUBLICAÇÃO, DISTRIBUIÇÃO, ETC.
Local de publicação Belo Horizonte :
Editora Fórum,
Data 2019.
300 ## - DESCRIÇÃO FÍSICA
N. páginas ou volumes 303 p. :
Ilustrações il. ;
Dimensões 22 cm
504 ## - NOTA DE BIBLIOGRAFIA, ETC.
Nota de bibliografia Inclui bibliografia.
650 ## - ASSUNTO TÓPICO
Cabeçalho tópico ou nome geográfico Mobilidade urbana
Subdivisão geral Políticas públicas
650 ## - ASSUNTO TÓPICO
Cabeçalho tópico ou nome geográfico Mobilidade urbana
Subdivisão de forma Legislação
Subdivisão geográfica Brasil
650 ## - ASSUNTO TÓPICO
Cabeçalho tópico ou nome geográfico Transporte urbano
Subdivisão geral Planejamento
650 ## - ASSUNTO TÓPICO
Cabeçalho tópico ou nome geográfico Planejamento urbano
942 ## - ELEMENTOS DE ENTRADA ADICIONAIS (KOHA)
Fonte de classificação ou esquema de arquivamento Classificação Decimal Universal
Tipo de item do Koha Livros
Holdings
Estado: removido Estado: perdido Fonte de classificação ou esquema de arquivamento Estado: danificado Indisponível para empréstimo Localização permanente Localização atual Data de aquisição Total Checkouts Número de Chamada completo Código de barras Date last seen Número do exemplar Preço efetivo a partir de Tipo de item (Koha)
    Classificação Decimal Universal     Biblioteca da Escola Superior de Contas do TCE/MT Biblioteca da Escola Superior de Contas do TCE/MT 28/07/2023   656.025.2 G963c 2. ed. BIBTCEMT23080047 09/08/2023 Ex. 1 09/08/2023 Livros

Powered by Koha